Estudio de los movimientos del chiguiro: (Registro nro. 17543)
[ vista simple ]
| 000 -CABECERA | |
|---|---|
| Campo de control | 01095nam a22002777a 4500 |
| 005 - FECHA Y HORA DE LA ULTIMA TRANSACCION | |
| Campo de control | 20180227143351.0 |
| 008 - ELEMENTOS DE LONGITUD FIJA—INFORMACION GENERAL | |
| Campo de control | 150703b ck ||||fr|||| 00| 0 spa d |
| 040 ## - FUENTE DE CATALOGACIÓN | |
| Agencia catalogadora original | CO-BoIAVH |
| Agencia transcriptora | CO-BoIAVH |
| 041 ## - IDIOMA | |
| Código de idioma para texto/pista de sonido o título separado | Español |
| 044 ## - PAÍS DE PUBLICACIÓN | |
| País de publicación | Colombia |
| 082 #4 - NUMERO DE CLASIFICACION DECIMAL DEWEY | |
| Número de clasificación | 664.902 |
| Número del ítem | C82m4 |
| 100 1# - ASIENTO PRINCIPAL--NOMBRE PERSONAL | |
| Nombre personal | Guzmán-Lenis, Angélica |
| 9 (RLIN) | 35184 |
| 245 1# - MENCION DE TITULO | |
| Título | Estudio de los movimientos del chiguiro: |
| Parte restante del título | Cartilla 5 |
| 260 ## - PUBLICACION, DISTRIBUCION, ETC. (PIE DE IMPRENTA) | |
| Lugar de publicación, distribución, etc. | Bogotá: |
| Nombre del editor, distribuidor, etc. | Corporinoquia: |
| -- | Universidad Nacional de Colombia, |
| Fecha de publicación, distribución, etc. | 2006. |
| 300 ## - DESCRIPCION FISICA | |
| Extensión | 60 p. |
| Otros detalles físicos | il., col., tab. |
| Dimensiones | 27 cm. |
| 490 ## - MENCION DE SERIE | |
| Mención de serie | Registro y análisis de la información para el manejo sostenible de las poblaciones silvestres de chiguiros y sus hábitats en la Orinoquía colombiana |
| 500 ## - NOTA GENERAL | |
| Nota general | Incluye glosario (Pag. 57-58). |
| 650 #4 - ASIENTO SECUNDARIO DE MATERIA - TERMINO TEMATICO | |
| Término temático o nombre geográfico como elemento de entrada | Chiguiros |
| Subdivisión general | Hábitat |
| Subdivisión geográfica | Colombia |
| 9 (RLIN) | 89964 |
| 650 #4 - ASIENTO SECUNDARIO DE MATERIA - TERMINO TEMATICO | |
| Término temático o nombre geográfico como elemento de entrada | Chiguiros |
| Subdivisión general | Poblaciones |
| Subdivisión geográfica | Colombia |
| 9 (RLIN) | 89965 |
| 650 #4 - ASIENTO SECUNDARIO DE MATERIA - TERMINO TEMATICO | |
| Término temático o nombre geográfico como elemento de entrada | Chiguiros |
| Subdivisión general | Movimiento |
| Subdivisión geográfica | Colombia |
| 9 (RLIN) | 89966 |
| 700 1# - ASIENTO SECUNDARIO - NOMBRE PERSONAL | |
| Nombre personal | Mesa-González, Elizabeth |
| 9 (RLIN) | 35185 |
| 700 1# - ASIENTO SECUNDARIO - NOMBRE PERSONAL | |
| Nombre personal | Atúesta-Diman, Natalia |
| 9 (RLIN) | 35186 |
| 700 1# - ASIENTO SECUNDARIO - NOMBRE PERSONAL | |
| Nombre personal | Álvarez-Méndez, Oscar |
| 9 (RLIN) | 35187 |
| 700 1# - ASIENTO SECUNDARIO - NOMBRE PERSONAL | |
| Nombre personal | Camargo-Sanabria, Ángela A. |
| 9 (RLIN) | 35180 |
| 942 ## - ELEMENTOS ADICIONALES (KOHA) | |
| Sistema de clasificación | Dewey Decimal Classification |
| Tipo de ítem | Libro |
| Withdrawn status | Lost status | Sistema de Clasificación | Damaged status | No para préstamo | Colección | Inventariado | Ubicación Permanente | Ubicación actual | Fecha de adquisición | Fuente de Valor | Valor | Total Checkouts | Número topográfico | Inventario / Código de Barras | Date last seen | Ejemplar | Price effective from | Forma de adquisición | Tipo de material |
|---|---|---|---|---|---|---|---|---|---|---|---|---|---|---|---|---|---|---|---|
| Dewey Decimal Classification | General | Inventariado 2017 | Bogotá | Bogotá | 08/07/2015 | Instituto | 15000.00 | LB-664.902 C82m4 | 038898 | 08/07/2015 | Ej. 1 | 08/07/2015 | Libro |